000 00594nam a2200169 i 4500
001 93715
003 ES-MaACL
005 20230906181312.0
007 t|
008 050418s1967 sp ||||1| spa d
100 1 _aLópez de Guereñu, Gerardo.
_973544
245 1 0 _aDevoción popular en España a la Virgen Blanca y a Nuestra Señora de las Nieves /
_cGerardo López de Guereñu.
260 _aVitoria :
_bCaja de Ahorros Municipal Vilar,
_c1967.
300 _a263 p., 5 h. :
_bil. ;
_c25 cm.
710 1 _aCaja de Ahorros Municipal de Vitoria.
_92302
852 _aES-MaACL
_jC-32961
_bR.63882
999 _c93715
_d93715